000 00589nam a2200205 a 4500
001 BRCA_6175
005 20190320205347.0
008 110711s1910----nyu#######---#000-0#ger-#
041 _ager
044 _agw
050 4 _aPF3111
_b.B46 1910
245 1 0 _aErste Buch für den Unterricht in den neueren Sprachen
_bdeutscher Teli für erwachsene
_cvon M. D. Berlitz.
260 _aNueva York
_bM. D. Berlitz
_c1910
300 _a107 p.
_c20 m.
500 _aK58
650 1 4 _aAlemán
_eEjercicios de redacción
_915435
700 1 _aBerlitz, M. D.
_915553
902 _aGFM
942 _2lcc
_cB
999 _c5862
_d5862